000 00507nam a2200181Ia 4500
005 20260410153707.0
008 231207s9999 xx 000 0 und d
020 _a9780201696844
040 _cPK-LaNCA
082 _a006.6
_bKIT
100 _aKitchens, Susan A.
245 4 _aThe QuickTime VR book : creating immersive imaging on your desktop
260 _bPeachpit Press
_aBerkeley
_c1998
300 _axxii, 260p
_bill
546 _aEnglish
650 _aDigital movies. Desktop images.
942 _cBK
999 _c13694
_d13694